Bharatiya sangbidhan aru swayatta sasan (Record no. 3288)
[ view plain ]
| 000 -LEADER | |
|---|---|
| fixed length control field | 00625cam a2200217ua 4500 |
| 001 - CONTROL NUMBER | |
| control field | 3447 |
| 005 - DATE AND TIME OF LATEST TRANSACTION | |
| control field | 20260515113659.0 |
| 008 - FIXED-LENGTH DATA ELEMENTS--GENERAL INFORMATION | |
| fixed length control field | 111105n ii |||gr||||Z||||||asm |
| 040 ## - CATALOGING SOURCE | |
| Transcribing agency | MAIN |
| 082 ## - DEWEY DECIMAL CLASSIFICATION NUMBER | |
| Classification number | 342.54 |
| 100 1# - MAIN ENTRY--PERSONAL NAME | |
| Personal name | Rajkhowa, Satishchandra, |
| 245 11 - TITLE STATEMENT | |
| Title | Bharatiya sangbidhan aru swayatta sasan |
| Statement of responsibility, etc. | by Satishchandra Rajkhowa |
| 250 ## - EDITION STATEMENT | |
| Edition statement | 5th. |
| 260 ## - PUBLICATION, DISTRIBUTION, ETC. | |
| Place of publication, distribution, etc. | Dibrugarh: |
| Name of publisher, distributor, etc. | Co-ordination committee for production of textbooks, Dibrugarh university,984. |
| 300 ## - PHYSICAL DESCRIPTION | |
| Extent | 203p. |
| 653 ## - INDEX TERM--UNCONTROLLED | |
| Uncontrolled term | Political science |
| 653 ## - INDEX TERM--UNCONTROLLED | |
| Uncontrolled term | Bharatiya sangbidhan |
| 653 ## - INDEX TERM--UNCONTROLLED | |
| Uncontrolled term | Swayatta sasan |
| 653 ## - INDEX TERM--UNCONTROLLED | |
| Uncontrolled term | Indian constitution |
| 942 ## - ADDED ENTRY ELEMENTS (KOHA) | |
| Koha item type | Books |
| Withdrawn status | Lost status | Damaged status | Not for loan | Home library | Current library | Shelving location | Date acquired | Total checkouts | Full call number | Barcode | Date last seen | Copy number | Price effective from | Koha item type |
|---|---|---|---|---|---|---|---|---|---|---|---|---|---|---|
| Naharkatiya College Library | Naharkatiya College Library | General stacks | 09/19/2020 | 342.54 | RAJ | 396 | 09/19/2020 | 1 | 09/19/2020 | Books |